00409nam a2200145Ia 4500008004000000020001800040041000800058082001500066100002100081245005900102260003900161300001100200650002800211700002400239210210b2004 xxu||||| |||| 00| 0 eng d a1 4051 2392 3 aeng a575.1 HAWA aHAWLEY (R Scott) aAdvanced genetic analysis: finding meaning in a genome aOxfordbBlackwell publishingc2004 axv,239 aGenetic analysis genome aWALKER (Michelle Y)